000 00654nmm a2200169Ia 4500
008 251105s9999||||xx |||||||||||||||||und||
041 _aspa
100 _aMuñoz Martín- Vares, Javier
245 0 _aEnseñanzas iniciales: Nivel II. Ámbito de Desarrollo e Iniciativa Personal y Laboral. Unidad 2. Quiero participar: Aún soy útil
264 _a[Madrid, España] :
_bMinisterio de Educación, Cultura y Deporte de España,
_c2017
300 _a43 páginas
650 _aEducation
700 _aMuñoz Martín- Vares, Javier
700 1 _a Jiménez Benedit, María Soledad
856 _uhttps://public.digitaliapublishing.com/a/60353
942 _cCF
999 _c69200
_d69200